Blood pressure measurements : (Record no. 4442)
[ view plain ]
| 000 -LEADER | |
|---|---|
| fixed length control field | 00967nam a220026501 4500 |
| 003 - CONTROL NUMBER IDENTIFIER | |
| control field | ALUPE UNIVERSITY |
| 005 - DATE AND TIME OF LATEST TRANSACTION | |
| control field | 20220323103533.0 |
| 008 - FIXED-LENGTH DATA ELEMENTS--GENERAL INFORMATION | |
| fixed length control field | 910314s1990 gw a b 101 eng o |
| 020 ## - INTERNATIONAL STANDARD BOOK NUMBER | |
| International Standard Book Number | 3798507589 (Steinkopff) |
| 020 ## - INTERNATIONAL STANDARD BOOK NUMBER | |
| International Standard Book Number | 0387913327 (SpringerVerlag) |
| 040 ## - CATALOGING SOURCE | |
| Transcribing agency | ALUPE UNIVERSITY |
| 046 ## - SPECIAL CODED DATES | |
| Type of date code | MYG |
| Date 1, C.E. date | MYG |
| 050 ## - LIBRARY OF CONGRESS CALL NUMBER | |
| Classification number | QP105.2 |
| Item number | .B56 1990 |
| 090 0# - LOCALLY ASSIGNED LC-TYPE CALL NUMBER (OCLC); LOCAL CALL NUMBER (RLIN) | |
| Classification number (OCLC) (R) ; Classification number, CALL (RLIN) (NR) | QP105.2 .B563 1990 |
| 245 00 - TITLE STATEMENT | |
| Title | Blood pressure measurements : |
| Remainder of title | new techniques in automatic and 24-hour indirect monitoring / |
| Statement of responsibility, etc. | W. Meyer-Sabellek ... [et al.], eds. |
| 260 ## - PUBLICATION, DISTRIBUTION, ETC. | |
| Place of publication, distribution, etc. | Darmstadt : |
| Name of publisher, distributor, etc. | Steinkopff Verlag ; |
| Place of publication, distribution, etc. | New York : |
| Name of publisher, distributor, etc. | Springer-Verlag, |
| Date of publication, distribution, etc. | c1990. |
| 300 ## - PHYSICAL DESCRIPTION | |
| Extent | xii, 336 p. : |
| Other physical details | ill. ; |
| Dimensions | 25 cm. |
| 500 ## - GENERAL NOTE | |
| General note | Based on two international meetings and invited papers. |
| 504 ## - BIBLIOGRAPHY, ETC. NOTE | |
| Bibliography, etc. note | Includes bibliographical references and index. |
| 650 #0 - SUBJECT ADDED ENTRY--TOPICAL TERM | |
| Topical term or geographic name entry element | Blood pressure |
| General subdivision | Measurement |
| Form subdivision | Congresses. |
| 700 1# - ADDED ENTRY--PERSONAL NAME | |
| Personal name | Meyer-Sabellek, W. |
| Fuller form of name | (Wolfgang) |
| 907 ## - LOCAL DATA ELEMENT G, LDG (RLIN) | |
| a | .b16907243 |
| 942 ## - ADDED ENTRY ELEMENTS (KOHA) | |
| Source of classification or shelving scheme | |
| Koha item type | Book |
| Withdrawn status | Lost status | Source of classification or shelving scheme | Damaged status | Not for loan | Permanent Location | Current Location | Shelving location | Date acquired | Source of acquisition | Total Checkouts | Full call number | Barcode | Date last seen | Price effective from | Koha item type | Public note |
|---|---|---|---|---|---|---|---|---|---|---|---|---|---|---|---|---|
| AU LIBRARY | AU LIBRARY | Open Shelf | 23.03.2022 | DONATION FROM MOI UNIVERSITY | QP105.2 .B56 1990 | 28006625 | 23.03.2022 | 23.03.2022 | Book | WO |